El capitalismo del siglo XX / (Record no. 111932)

MARC details
000 -LEADER
campo de control de longitud fija 00639nam a2200229M 4500
001 - NÚMERO DE CONTROL
campo de control 94584
005 - FECHA Y HORA DE LA ÚLTIMA TRANSACCIÓN
campo de control 20230411090052.0
008 - DATOS DE LONGITUD FIJA--INFORMACIÓN GENERAL
campo de control de longitud fija 020418s1962 ru a 000 0 fre d
035 ## - NÚMERO DE CONTROL DEL SISTEMA
Número de control de sistema (OCoLC)ocn660045920
040 ## - FUENTE DE CATALOGACIÓN
Centro catalogador/agencia de origen N5L
Centro/agencia transcriptor N5L
035 ## - NÚMERO DE CONTROL DEL SISTEMA
Número de control de sistema (OCoLC)660045920
049 ## - FONDOS LOCALES (OCLC)
Biblioteca depositaria GRAL
100 1# - ENTRADA PRINCIPAL--NOMBRE DE PERSONA
Nombre de persona Varga, Eugen,
Fechas asociadas al nombre 1879-
245 13 - MENCIÓN DEL TÍTULO
Título El capitalismo del siglo XX /
Mención de responsabilidad, etc. Tr. del ruso por M. Puente.
260 ## - PUBLICACIÓN, DISTRIBUCIÓN, ETC.
Lugar de publicación, distribución, etc. Moscú :
Nombre del editor, distribuidor, etc. Ediciones en Lenguas Extranjeras,
Fecha de publicación, distribución, etc. 1962?
300 ## - DESCRIPCIÓN FÍSICA
Extensión 168 p. :
Otras características físicas tables. ;
Dimensiones 20 cm.
650 #0 - PUNTO DE ACCESO ADICIONAL DE MATERIA--TÉRMINO DE MATERIA
Término de materia o nombre geográfico como elemento de entrada Capitalism
Subdivisión cronológica 20th century.
700 1# - ENTRADA AGREGADA--NOMBRE PERSONAL
Nombre de persona Puente, M.,
Término indicativo de función/relación tr.
942 ## - ELEMENTOS DE ENTRADA SECUNDARIOS (KOHA)
Fuente del sistema de clasificación o colocación Clasificación de Library of Congress
Tipo de ítem Koha
994 ## -
-- C0
-- DRFGD
946 ## - PROCESAMIENTO DE INFORMACIÓN LOCAL (OCLC)
a JP
Holdings
Estatus retirado Estado de pérdida Fuente del sistema de clasificación o colocación Estado de daño No para préstamo Colección Biblioteca de origen Biblioteca actual Ubicación en estantería Fecha de adquisición Código de barras Visto por última vez Copia número Tipo de ítem Koha
    Clasificación de Library of Congress     Automatización y Procesos Técnicos Biblioteca Juan Bosch Biblioteca Juan Bosch Automatización y Procesos Técnicos (1er. Piso) 11/04/2023 00000088298 17/02/2019 1